[Event "Mecklenburg VP LL2 West 2223"]
[Site "Mecklenburg VP"]
[Date "2022.11.27"]
[Round "3.3"]
[White "Tuchtenhagen, Harald"]
[Black "Blume, Christian"]
[Result "1/2-1/2"]
[WhiteElo "1913"]
[BlackElo "1882"]
[PlyCount "29"]
[EventDate "2022.10.23"]
[EventType "team-tourn"]
[EventRounds "9"]
[EventCountry "GER"]
[SourceTitle "EXT 2024"]
[Source "ChessBase"]
[SourceDate "2023.10.10"]
[SourceVersion "1"]
[SourceVersionDate "2023.10.10"]
[SourceQuality "1"]
[WhiteTeam "Parchim SV Blau-Weiss 69"]
[BlackTeam "Putlitz Pritzwalk"]
[WhiteTeamCountry "GER"]
[BlackTeamCountry "GER"]

1. e4 c5 2. Bc4 e6 3. c3 Nc6 4. Nf3 Nf6 5. d3 d5 6. exd5 exd5 7. Qe2+ Qe7 8. Qxe7+ Bxe7 9. Bb5 Bd7 10. d4 a6 11. Bxc6 bxc6 12. 0-0 0-0 13. Bg5 h6 14. Bxf6 Bxf6 15. Ne5 1/2-1/2

[Event "Mecklenburg VP LL2 West 2122"]
[Site "Mecklenburg VP"]
[Date "2021.11.07"]
[Round "2.2"]
[White "Hertel Mach, Frank"]
[Black "Blume, Christian"]
[Result "1/2-1/2"]
[WhiteElo "1945"]
[BlackElo "1882"]
[PlyCount "59"]
[EventDate "2021.10.24"]
[EventType "team-tourn"]
[EventRounds "9"]
[EventCountry "GER"]
[SourceTitle "EXT 2024"]
[Source "ChessBase"]
[SourceDate "2023.10.10"]
[SourceVersion "1"]
[SourceVersionDate "2023.10.10"]
[SourceQuality "1"]
[WhiteTeam "Waren Malchow"]
[BlackTeam "Putlitz Pritzwalk"]
[WhiteTeamCountry "GER"]
[BlackTeamCountry "GER"]

1. e4 c5 2. f4 e6 3. Nf3 d6 4. Nc3 Nc6 5. Bb5 Bd7 6. 0-0 Nf6 7. e5 dxe5 8. Bxc6 Bxc6 9. Nxe5 Qc7 10. d3 Bd6 11. Qe2 0-0 12. Bd2 b5 13. Nxc6 Qxc6 14. Ne4 Be7 15. Rf3 Rfd8 16. Raf1 Rd7 17. Rg3 b4 18. Bc1 Rad8 19. f5 exf5 20. Rxf5 Nxe4 21. dxe4 Rd1+ 22. Rf1 Rxf1+ 23. Kxf1 c4 24. Bg5 Bxg5 25. Rxg5 Re8 26. Rd5 Qf6+ 27. Kg1 Qxb2 28. Qxc4 Qc1+ 29. Kf2 Qf4+ 30. Kg1 1/2-1/2

[Event "Mecklenburg VP Landesliga West 1920"]
[Site "Mecklenburg VP"]
[Date "2020.01.19"]
[Round "5.3"]
[White "Blume, Christian"]
[Black "Petrow, Jonas"]
[Result "1/2-1/2"]
[WhiteElo "1882"]
[BlackElo "1811"]
[PlyCount "100"]
[EventDate "2019.09.29"]
[EventType "team-tourn"]
[EventRounds "9"]
[EventCountry "GER"]
[SourceTitle "EXT 2023"]
[Source "ChessBase"]
[SourceDate "2022.10.05"]
[SourceVersion "1"]
[SourceVersionDate "2022.10.05"]
[SourceQuality "1"]
[WhiteTeam "Putlitz Pritzwalk"]
[BlackTeam "Rostock Makkabi"]
[WhiteTeamCountry "GER"]
[BlackTeamCountry "GER"]

1. c4 Nf6 2. Nc3 g6 3. g3 Bg7 4. Bg2 0-0 5. d4 d6 6. e3 Nbd7 7. Nge2 c5 8. 0-0 Rb8 9. Rb1 a6 10. a4 Ne8 11. b4 cxd4 12. exd4 e5 13. Be3 exd4 14. Bxd4 Ne5 15. c5 Bf5 16. Ra1 Nc7 17. f4 Nc6 18. Bxg7 Kxg7 19. cxd6 Ne8 20. b5 Na5 21. Qd4+ Kg8 22. Rad1 Bc2 23. Ne4 Bxd1 24. Rxd1 axb5 25. axb5 b6 26. d7 Ng7 27. Nf6+ Kh8 28. Bh3 Nb3 29. Qb2 Nc5 30. Qe5 Rb7 31. Rd5 Nge6 32. Bxe6 Nxe6 33. Ne8+ Kg8 34. Nd4 Rxd7 35. Nf6+ Qxf6 36. Qxf6 Rxd5 37. Nxe6 Rd1+ 38. Kg2 fxe6 39. Qxe6+ Kg7 40. Qxb6 Rf7 41. Qc6 Rdd7 42. Qc3+ Kg8 43. b6 Rb7 44. Qc6 Kg7 45. g4 Rb8 46. Qc3+ Kg8 47. Qb3 Rbb7 48. Kg3 h6 49. f5 gxf5 50. gxf5 Kg7 1/2-1/2

[Event "Mecklenburg VP Landesliga West 1920"]
[Site "Mecklenburg VP"]
[Date "2019.10.20"]
[Round "2.3"]
[White "Jaensch, Robert"]
[Black "Blume, Christian"]
[Result "0-1"]
[WhiteElo "1756"]
[BlackElo "1882"]
[PlyCount "136"]
[EventDate "2019.09.29"]
[EventType "team-tourn"]
[EventRounds "9"]
[EventCountry "GER"]
[SourceTitle "EXT 2023"]
[Source "ChessBase"]
[SourceDate "2022.10.05"]
[SourceVersion "1"]
[SourceVersionDate "2022.10.05"]
[SourceQuality "1"]
[WhiteTeam "Think Rochade"]
[BlackTeam "Putlitz Pritzwalk"]
[WhiteTeamCountry "GER"]
[BlackTeamCountry "GER"]

1. e4 c5 2. Nf3 e6 3. d4 cxd4 4. Nxd4 Nf6 5. Nc3 d6 6. Be2 Be7 7. Be3 a6 8. 0-0 0-0 9. f4 e5 10. fxe5 dxe5 11. Nf3 Nbd7 12. Bg5 Qc7 13. Kh1 b5 14. Nd5 Nxd5 15. exd5 f6 16. Be3 Bb7 17. a4 b4 18. c4 bxc3 19. Rc1 Qd6 20. Rxc3 Rfc8 21. Bc4 Kh8 22. Qb3 Rc7 23. Rd1 Rac8 24. Qc2 Nb6 25. Bxb6 Qxb6 26. Ba2 Rxc3 27. bxc3 Qc7 28. c4 Qc5 29. Qb2 Qc7 30. Qc2 g6 31. h4 Qc5 32. Qb2 Qc7 33. Rb1 Ba8 34. Qb6 Qxb6 35. Rxb6 a5 36. Rb5 Bb4 37. g4 Kg7 38. g5 h6 39. gxf6+ Kxf6 40. Rb6+ Kf5 41. Re6 e4 42. Nd4+ Kf4 43. Kg2 Ke3 44. Nc2+ Kd3 45. Nxb4+ axb4 46. Rxg6 e3 47. Kf1 Rf8+ 48. Ke1 Rf2 49. Bb1+ Kxc4 50. Rg4+ Kc5 51. Rg3 Bxd5 52. Rxe3 Rh2 53. Bg6 Rxh4 54. a5 b3 55. Kd2 Kb4 56. a6 Rg4 57. Bf5 Rg1 58. a7 Ra1 59. Rh3 Rxa7 60. Rxh6 Ka3 61. Bd3 b2 62. Rb6 Bb3 63. Kc3 Rc7+ 64. Kd2 Rc1 65. Ra6+ Ba4 66. Rb6 Ka2 67. Rb4 Bb3 68. Rb8 Rd1+ 0-1

[Event "Mecklenburg VP LL2 West 1617"]
[Site "Mecklenburg VP"]
[Date "2017.03.19"]
[Round "7.3"]
[White "Blume, Christian"]
[Black "Fleischer, Matthias"]
[Result "1-0"]
[WhiteElo "1882"]
[BlackElo "1934"]
[PlyCount "101"]
[EventDate "2016.10.16"]
[EventType "team-tourn"]
[EventRounds "9"]
[EventCountry "GER"]
[SourceTitle "EXT 2022"]
[Source "ChessBase"]
[SourceDate "2021.10.06"]
[SourceVersion "1"]
[SourceVersionDate "2021.10.06"]
[SourceQuality "1"]
[WhiteTeam "Putlitz Pritzwalk"]
[BlackTeam "Schwerin SV Einheit"]
[WhiteTeamCountry "GER"]
[BlackTeamCountry "GER"]

1. c4 Nf6 2. Nc3 g6 3. g3 Bg7 4. Bg2 c6 5. e4 d6 6. Nge2 0-0 7. 0-0 e5 8. d3 Bg4 9. h3 Be6 10. f4 Qd7 11. Kh2 Nh5 12. Be3 f5 13. Qd2 Na6 14. Rac1 Nc7 15. b3 d5 16. fxe5 dxe4 17. dxe4 Qxd2 18. Bxd2 Bxe5 19. Bh6 Rf7 20. Nf4 Nf6 21. Nxe6 Nxe6 22. exf5 Nc5 23. fxg6 hxg6 24. Bf4 Bxf4 25. gxf4 Nh5 26. Ne4 Nd3 27. Rcd1 Ndxf4 28. Bf3 Raf8 29. Bxh5 Nxh5 30. Rxf7 Rxf7 31. Rd2 Re7 32. Ng5 Kg7 33. Rf2 Nf6 34. Kg2 Nd7 35. Kg3 a5 36. Rf3 Nc5 37. Kf2 Kh6 38. Nf7+ Kh5 39. Nd6 Rd7 40. Nf7 Rd2+ 41. Kg3 Ne4+ 42. Kf4 Rd4 43. Ke3 c5 44. Rf4 Ng5 45. Nxg5 Kxg5 46. Rxd4 cxd4+ 47. Kxd4 Kf4 48. Kc5 Kg3 49. Kb6 Kxh3 50. Kxb7 g5 51. c5 1-0

[Event "Mecklenburg VP LL2 West 1516"]
[Site "Mecklenburg VP"]
[Date "2016.04.10"]
[Round "8.3"]
[White "Fleischer, Martin"]
[Black "Blume, Christian"]
[Result "1/2-1/2"]
[WhiteElo "1865"]
[BlackElo "1882"]
[PlyCount "81"]
[EventDate "2015.09.20"]
[EventType "team-tourn"]
[EventRounds "9"]
[EventCountry "GER"]
[SourceTitle "EXT 2022"]
[Source "ChessBase"]
[SourceDate "2021.10.06"]
[SourceVersion "1"]
[SourceVersionDate "2021.10.06"]
[SourceQuality "1"]
[WhiteTeam "Schwerin SV Einheit"]
[BlackTeam "Putlitzer SV 1921"]
[WhiteTeamCountry "GER"]
[BlackTeamCountry "GER"]

1. e4 c5 2. Nf3 e6 3. c4 d6 4. d4 cxd4 5. Nxd4 Nf6 6. Nc3 Be7 7. Bd3 0-0 8. 0-0 Nc6 9. Nf3 b6 10. a3 Bb7 11. Ng5 Ne5 12. f4 Nxd3 13. Qxd3 h6 14. Nf3 Nd7 15. b4 Rc8 16. Nd2 a6 17. Bb2 Qc7 18. Rac1 Bf6 19. Na4 Bxb2 20. Nxb2 Nf6 21. Rfe1 Rfd8 22. Qe3 Qc6 23. Nd3 Nd7 24. Nf3 Ba8 25. h3 Qb7 26. Kh2 Rc7 27. Nd2 Rdc8 28. Rg1 Nf6 29. Nf2 Nd7 30. g4 b5 31. g5 hxg5 32. Rxg5 f6 33. Rg3 bxc4 34. Qe2 c3 35. Nb3 c2 36. Nd4 Nf8 37. Ng4 Kf7 38. Nf2 g6 39. f5 exf5 40. exf5 Qd5 41. Ne6 1/2-1/2

[Event "Mecklenburg VP LL2 West 1415"]
[Site "Mecklenburg VP"]
[Date "2015.02.22"]
[Round "6.3"]
[White "Krueger, Horst"]
[Black "Blume, Christian"]
[Result "1/2-1/2"]
[WhiteElo "1897"]
[BlackElo "1808"]
[PlyCount "80"]
[EventDate "2014.09.21"]
[EventType "team-tourn"]
[EventRounds "9"]
[EventCountry "GER"]
[SourceTitle "EXT 2022"]
[Source "ChessBase"]
[SourceDate "2021.10.06"]
[SourceVersion "1"]
[SourceVersionDate "2021.10.06"]
[SourceQuality "1"]
[WhiteTeam "Ludwigslust VT 2000"]
[BlackTeam "Putlitzer SV 1921"]
[WhiteTeamCountry "GER"]
[BlackTeamCountry "GER"]

1. d4 d5 2. c4 e6 3. Nf3 Nf6 4. Bg5 Be7 5. Nc3 0-0 6. e3 Nbd7 7. Qc2 a6 8. Rd1 c6 9. a3 h6 10. Bh4 Re8 11. Be2 Nh7 12. Bxe7 Qxe7 13. 0-0 f5 14. b4 b5 15. cxd5 cxd5 16. a4 Qxb4 17. Rb1 Qe7 18. axb5 axb5 19. Nxb5 Ba6 20. Nc7 Rec8 21. Rfc1 Bxe2 22. Qxe2 Ra7 23. Nb5 Rxc1+ 24. Rxc1 Rb7 25. g3 Nhf8 26. Rc6 Qb4 27. Nc7 Qb1+ 28. Kg2 Rb2 29. Qe1 Qe4 30. Ne8 g5 31. Nd6 Qd3 32. Rc3 Qa6 33. Nc8 Qa2 34. Ne7+ Kf7 35. Nc6 g4 36. Nfe5+ Kf6 37. Nd3 Re2 38. Qc1 Qd2 39. Qxd2 Rxd2 40. Nf4 Rb2 1/2-1/2

[Event "Mecklenburg VP LL2 West 1415"]
[Site "Mecklenburg VP"]
[Date "2015.01.18"]
[Round "5.2"]
[White "Blume, Christian"]
[Black "Schmidt, Joerg"]
[Result "1/2-1/2"]
[WhiteElo "1808"]
[BlackElo "1917"]
[PlyCount "30"]
[EventDate "2014.09.21"]
[EventType "team-tourn"]
[EventRounds "9"]
[EventCountry "GER"]
[SourceTitle "EXT 2022"]
[Source "ChessBase"]
[SourceDate "2021.10.06"]
[SourceVersion "1"]
[SourceVersionDate "2021.10.06"]
[SourceQuality "1"]
[WhiteTeam "Putlitzer SV 1921"]
[BlackTeam "Malchow Schachinsel"]
[WhiteTeamCountry "GER"]
[BlackTeamCountry "GER"]

1. c4 c5 2. Nc3 Nc6 3. g3 g6 4. Bg2 Bg7 5. d3 Nf6 6. e4 d6 7. Nge2 0-0 8. 0-0 e6 9. h3 a6 10. a3 Rb8 11. Rb1 b5 12. cxb5 axb5 13. b4 cxb4 14. axb4 d5 15. exd5 Nxd5 1/2-1/2

[Event "Mecklenburg VP LL2 West 1415"]
[Site "Mecklenburg VP"]
[Date "2014.11.23"]
[Round "3.3"]
[White "Blume, Christian"]
[Black "Meyer, Detlef"]
[Result "1-0"]
[WhiteElo "1808"]
[BlackElo "1808"]
[PlyCount "83"]
[EventDate "2014.09.21"]
[EventType "team-tourn"]
[EventRounds "9"]
[EventCountry "GER"]
[SourceTitle "EXT 2022"]
[Source "ChessBase"]
[SourceDate "2021.10.06"]
[SourceVersion "1"]
[SourceVersionDate "2021.10.06"]
[SourceQuality "1"]
[WhiteTeam "Putlitzer SV 1921"]
[BlackTeam "Neubrandenburg SG Eintracht II"]
[WhiteTeamCountry "GER"]
[BlackTeamCountry "GER"]

1. c4 Nf6 2. Nc3 d5 3. cxd5 Nxd5 4. g3 e5 5. Bg2 c6 6. Nf3 Bd6 7. 0-0 0-0 8. d3 Be6 9. Ng5 h6 10. Nxe6 fxe6 11. Ne4 Be7 12. Bh3 Qd7 13. Bd2 Na6 14. Qc1 Nf6 15. Qc4 Nc7 16. Bc3 b5 17. Nxf6+ Bxf6 18. Qe4 Qd6 19. Rac1 Nd5 20. Bd2 Rfe8 21. Rc2 Rac8 22. Rfc1 Bd8 23. Qg6 Kf8 24. Bg2 Ne7 25. Qg4 c5 26. Be3 Bb6 27. Be4 Nd5 28. Bd2 Rc7 29. Bg6 Rec8 30. b3 Kg8 31. Be4 Nf6 32. Qg6 Nxe4 33. Qxe4 a5 34. Bc3 Rf7 35. Bxe5 Qd5 36. Qxd5 exd5 37. e3 Re8 38. Bd6 c4 39. bxc4 bxc4 40. dxc4 d4 41. c5 d3 42. Rd2 1-0

[Event "Mecklenburg VP LL2 West 1314"]
[Site "Mecklenburg VP"]
[Date "2014.02.23"]
[Round "6.3"]
[White "Gipp, Thomas"]
[Black "Blume, Christian"]
[Result "1-0"]
[WhiteElo "1902"]
[BlackElo "1832"]
[PlyCount "75"]
[EventDate "2013.10.27"]
[EventType "team-tourn"]
[EventRounds "9"]
[EventCountry "GER"]
[SourceTitle "EXT 2022"]
[Source "ChessBase"]
[SourceDate "2021.10.06"]
[SourceVersion "1"]
[SourceVersionDate "2021.10.06"]
[SourceQuality "1"]
[WhiteTeam "Kuehlungsborn SV Empor"]
[BlackTeam "Putlitzer SV 1921"]
[WhiteTeamCountry "GER"]
[BlackTeamCountry "GER"]

1. d4 d5 2. Bf4 e6 3. e3 Nf6 4. Bd3 Be7 5. Nf3 0-0 6. Ne5 Nbd7 7. Nd2 c5 8. c3 a6 9. Qf3 Ne8 10. Qh3 f5 11. g4 Nxe5 12. Bxe5 g6 13. gxf5 exf5 14. f4 Bf6 15. Nf3 Bxe5 16. Nxe5 c4 17. Bc2 Qf6 18. Ke2 Nd6 19. Qg2 Be6 20. h4 Nf7 21. h5 Nxe5 22. dxe5 Qf7 23. Rag1 Kg7 24. Rh3 Bd7 25. Rg3 Be8 26. hxg6 hxg6 27. Rh1 Bd7 28. Rgh3 Rh8 29. R1h2 Rag8 30. Qh1 Rxh3 31. Rxh3 Kf8 32. Rh7 Rg7 33. Qh6 Bc6 34. Kf2 Be8 35. Bxf5 gxf5 36. Rh8+ Qg8 37. Rxg8+ Kxg8 38. Qe6+ 1-0

[Event "Mecklenburg VP LL2 West 1314"]
[Site "Mecklenburg VP"]
[Date "2013.11.24"]
[Round "3.3"]
[White "Stutz, Reno"]
[Black "Blume, Christian"]
[Result "1-0"]
[WhiteElo "1919"]
[BlackElo "1832"]
[PlyCount "73"]
[EventDate "2013.10.27"]
[EventType "team-tourn"]
[EventRounds "9"]
[EventCountry "GER"]
[SourceTitle "EXT 2022"]
[Source "ChessBase"]
[SourceDate "2021.10.06"]
[SourceVersion "1"]
[SourceVersionDate "2021.10.06"]
[SourceQuality "1"]
[WhiteTeam "Wismar ASV Gruen-Weiss"]
[BlackTeam "Putlitzer SV 1921"]
[WhiteTeamCountry "GER"]
[BlackTeamCountry "GER"]

1. e4 c5 2. c3 e6 3. d4 cxd4 4. cxd4 d6 5. Nf3 Nf6 6. Nc3 Be7 7. Bd3 0-0 8. 0-0 Nc6 9. a3 a6 10. Qe2 b5 11. e5 Nd7 12. Qe4 g6 13. Qxc6 Rb8 14. Qe4 dxe5 15. Nxe5 Bb7 16. Qe2 Nf6 17. Be3 Rc8 18. Rac1 Qd6 19. b4 Rfd8 20. Rc2 Qb8 21. Rfc1 Kg7 22. f3 Qa8 23. Ne4 Nxe4 24. Bxe4 Bxe4 25. fxe4 Rxc2 26. Rxc2 Bf6 27. Nf3 Qb7 28. e5 Be7 29. Nd2 a5 30. Qf3 Rd5 31. Ne4 axb4 32. axb4 Bxb4 33. Qf6+ Kg8 34. Bh6 Bf8 35. Bxf8 Kxf8 36. Nd6 Rxd6 37. exd6 1-0

[Event "Mecklenburg VP LL2 West 1213"]
[Site "Mecklenburg VP"]
[Date "2012.11.11"]
[Round "2.2"]
[White "Blume, Christian"]
[Black "Wagner, Bernd"]
[Result "1/2-1/2"]
[WhiteElo "1841"]
[BlackElo "1704"]
[PlyCount "43"]
[EventDate "2012.10.14"]
[EventType "team-tourn"]
[EventRounds "9"]
[EventCountry "GER"]
[SourceTitle "EXT 2022"]
[Source "ChessBase"]
[SourceDate "2021.10.06"]
[SourceVersion "1"]
[SourceVersionDate "2021.10.06"]
[SourceQuality "1"]
[WhiteTeam "Putlitzer SV 1921"]
[BlackTeam "Wismar ASV Gruen-Weiss II"]
[WhiteTeamCountry "GER"]
[BlackTeamCountry "GER"]

1. c4 b6 2. g3 Bb7 3. Nf3 Nf6 4. Bg2 e6 5. 0-0 Be7 6. Nc3 0-0 7. d4 Ne4 8. Nxe4 Bxe4 9. Ne1 Bxg2 10. Nxg2 d5 11. Qd3 c6 12. Bd2 Nd7 13. Bc3 Qc7 14. Rac1 Qb7 15. Rc2 Qa6 16. b3 dxc4 17. bxc4 Rfd8 18. Ba1 c5 19. d5 exd5 20. Qxd5 Qa4 21. Qd3 Bf6 22. Qb3 1/2-1/2

[Event "Mecklenburg VP LL2 West 1112"]
[Site "Mecklenburg VP"]
[Date "2011.12.11"]
[Round "4.2"]
[White "Voll, Andreas"]
[Black "Blume, Christian"]
[Result "1/2-1/2"]
[WhiteElo "1889"]
[BlackElo "1813"]
[PlyCount "33"]
[EventDate "2011.10.02"]
[EventType "team-tourn"]
[EventRounds "9"]
[EventCountry "GER"]
[SourceTitle "EXT 2022"]
[Source "ChessBase"]
[SourceDate "2021.10.06"]
[SourceVersion "1"]
[SourceVersionDate "2021.10.06"]
[SourceQuality "1"]
[WhiteTeam "Neukloster III"]
[BlackTeam "Putlitzer SV 1921"]
[WhiteTeamCountry "GER"]
[BlackTeamCountry "GER"]

1. e4 c5 2. Nf3 e6 3. Be2 Nc6 4. 0-0 d6 5. d4 cxd4 6. Nxd4 Nf6 7. Nc3 Be7 8. Be3 0-0 9. f4 a6 10. Nxc6 bxc6 11. Qe1 Qc7 12. Qg3 Rd8 13. Rad1 Bb7 14. f5 e5 15. Bh6 Bf8 16. Bg5 Be7 17. Bh6 1/2-1/2

[Event "Mecklenburg VP LL2 West 1112"]
[Site "Mecklenburg VP"]
[Date "2011.11.20"]
[Round "3.2"]
[White "Blume, Christian"]
[Black "Fleischer, Martin"]
[Result "1/2-1/2"]
[WhiteElo "1813"]
[BlackElo "1788"]
[PlyCount "167"]
[EventDate "2011.10.02"]
[EventType "team-tourn"]
[EventRounds "9"]
[EventCountry "GER"]
[SourceTitle "EXT 2022"]
[Source "ChessBase"]
[SourceDate "2021.10.06"]
[SourceVersion "1"]
[SourceVersionDate "2021.10.06"]
[SourceQuality "1"]
[WhiteTeam "Putlitzer SV 1921"]
[BlackTeam "Schwerin SV Einheit"]
[WhiteTeamCountry "GER"]
[BlackTeamCountry "GER"]

1. c4 e6 2. Nc3 d5 3. d4 dxc4 4. e3 a6 5. Bxc4 b5 6. Bd3 Bb7 7. Be4 Bxe4 8. Nxe4 Nd7 9. Bd2 c5 10. dxc5 Nxc5 11. Nxc5 Bxc5 12. b4 Be7 13. Nf3 Bf6 14. Rc1 Ne7 15. 0-0 0-0 16. Bc3 Nd5 17. Bxf6 Qxf6 18. Qb3 Rfc8 19. Nd4 Nb6 20. Rfd1 Nc4 21. h3 h5 22. Rc2 Rd8 23. Rdc1 Rd5 24. a4 Nd6 25. Rc5 Ne4 26. Rc8+ Rxc8 27. Rxc8+ Kh7 28. Qc2 Qg6 29. f3 Nd6 30. Qxg6+ Kxg6 31. Rc6 e5 32. Ne2 bxa4 33. Rxa6 f6 34. Rxa4 Nc4 35. Kf2 Nb2 36. Ra5 Rd2 37. Ke1 Rd1+ 38. Kf2 Nd3+ 39. Kg3 Rd2 40. Nc3 Ne1 41. Ra2 h4+ 42. Kxh4 Rxa2 43. Nxa2 Nxg2+ 44. Kg3 Nxe3 45. Nc3 Nf5+ 46. Kg4 Nd6 47. b5 f5+ 48. Kg3 Kf6 49. b6 Ke6 50. Kh4 Kf6 51. Nb5 Nb7 52. Nc3 Kg6 53. Nd5 Kh6 54. Ne7 g6 55. Nc6 g5+ 56. Kg3 e4 57. fxe4 fxe4 58. Kg4 Kg6 59. Nd4 Kf6 60. Nf5 Kg6 61. Ng3 Nd6 62. Ne2 Nc4 63. b7 Ne5+ 64. Kg3 Nd7 65. Nd4 Kh5 66. Nc6 e3 67. Nd4 Kg6 68. Kf3 Kh5 69. Nf5 e2 70. Kxe2 Kg6 71. Ne7+ Kh5 72. Kf3 Kh4 73. Kg2 g4 74. Ng6+ Kg5 75. hxg4 Kxg6 76. Kg3 Kg5 77. Kf3 Nb8 78. Ke4 Kxg4 79. Kd5 Kg5 80. Kd6 Kf6 81. Kc7 Na6+ 82. Kc8 Ke6 83. b8Q Nxb8 84. Kxb8 1/2-1/2

[Event "Mecklenburg VP LL2 West 1011"]
[Site "Mecklenburg VP"]
[Date "2011.03.20"]
[Round "8.2"]
[White "Richter, Stefan"]
[Black "Blume, Christian"]
[Result "1/2-1/2"]
[WhiteElo "1888"]
[BlackElo "1882"]
[PlyCount "28"]
[EventDate "2010.10.10"]
[EventType "team-tourn"]
[EventRounds "9"]
[EventCountry "GER"]
[SourceTitle "EXT 2022"]
[Source "ChessBase"]
[SourceDate "2021.10.06"]
[SourceVersion "1"]
[SourceVersionDate "2021.10.06"]
[SourceQuality "1"]
[WhiteTeam "Parchim SV Blau-Weiss 69"]
[BlackTeam "Putlitzer SV 1921"]
[WhiteTeamCountry "GER"]
[BlackTeamCountry "GER"]

1. e4 c5 2. Nf3 e6 3. c4 d6 4. d4 cxd4 5. Nxd4 Nf6 6. Nc3 a6 7. Be2 Be7 8. 0-0 0-0 9. Be3 Bd7 10. Rc1 Nc6 11. Kh1 Nxd4 12. Bxd4 Bc6 13. Bd3 e5 14. Be3 Bd7 1/2-1/2

[Event "Mecklenburg VP LL2 West 0910"]
[Site "Mecklenburg VP"]
[Date "2010.02.28"]
[Round "7.2"]
[White "Blume, Christian"]
[Black "Richter, Stefan"]
[Result "1/2-1/2"]
[WhiteElo "1850"]
[BlackElo "1789"]
[PlyCount "60"]
[EventDate "2009.10.18"]
[EventType "team-tourn"]
[EventRounds "9"]
[EventCountry "GER"]
[SourceTitle "EXT 2016"]
[Source "ChessBase"]
[SourceDate "2015.10.08"]
[SourceVersion "1"]
[SourceVersionDate "2015.10.08"]
[SourceQuality "1"]
[WhiteTeam "Putlitz"]
[BlackTeam "Parchim SV Blau-Weiss 69"]
[WhiteTeamCountry "GER"]
[BlackTeamCountry "GER"]

1. c4 Nf6 2. Nc3 g6 3. g3 Bg7 4. Bg2 0-0 5. e4 d6 6. Nge2 e5 7. 0-0 Nc6 8. d3 Bd7 9. h3 h6 10. Kh2 Kh7 11. f4 exf4 12. Nxf4 Ne5 13. Qe2 Be6 14. b3 Neg4+ 15. Kh1 Nh5 16. Nxh5 Bxc3 17. Bb2 Bxb2 18. Qxb2 gxh5 19. hxg4 Qg5 20. gxh5 Qxg3 21. Rf3 Qh4+ 22. Kg1 Rg8 23. Qf2 Rxg2+ 24. Kxg2 Rg8+ 25. Rg3 Bh3+ 26. Kf3 Qf6+ 27. Ke3 Rxg3+ 28. Qxg3 Qxa1 29. Qxh3 Qxa2 30. Qf5+ Kg7 1/2-1/2

[Event "Mecklenburg VP LL2 West 0910"]
[Site "Mecklenburg VP"]
[Date "2010.01.24"]
[Round "5.2"]
[White "Blume, Christian"]
[Black "Schmidt, Joerg"]
[Result "1/2-1/2"]
[WhiteElo "1850"]
[BlackElo "1925"]
[PlyCount "43"]
[EventDate "2009.10.18"]
[EventType "team-tourn"]
[EventRounds "9"]
[EventCountry "GER"]
[SourceTitle "EXT 2016"]
[Source "ChessBase"]
[SourceDate "2015.10.08"]
[SourceVersion "1"]
[SourceVersionDate "2015.10.08"]
[SourceQuality "1"]
[WhiteTeam "Putlitz"]
[BlackTeam "Malchow Schachinsel"]
[WhiteTeamCountry "GER"]
[BlackTeamCountry "GER"]

1. c4 c6 2. Nc3 d5 3. cxd5 cxd5 4. d4 Nc6 5. Nf3 Nf6 6. e3 Bf5 7. Bd3 Bxd3 8. Qxd3 e6 9. 0-0 Be7 10. Bd2 0-0 11. Rfc1 a6 12. Be1 Rc8 13. Nd2 b5 14. Nb3 Qb6 15. Ne2 Nd7 16. Rc2 Rc7 17. Rac1 Rfc8 18. f3 Nb4 19. Bxb4 Bxb4 20. Rxc7 Rxc7 21. Rxc7 Qxc7 22. a3 1/2-1/2